| 000 | 004930000a22001450004500 | ||
|---|---|---|---|
| 020 | _a81871672222 | ||
| 060 | _a100 | ||
| 082 | _a581.87 PUR | ||
| 100 | _aPurohit, S S | ||
| 245 | _aLaboratory Manual of plant Biotechnology | ||
| 260 | _aJodhpur, Agriobios | ||
| 260 | _c2004 | ||
| 650 | _aGenetic Engineering Tissue culture, Micropropagation, Embryogenesis, Suspension culture Protoplast culture , somaclonal Variation, DNA sequencing Genetic Transformation, DNA Isolation | ||
| 942 | _cBK | ||
| 999 |
_c367238 _d367238 |
||